| 000 | 00862nam a22002057a 4500 | ||
|---|---|---|---|
| 999 |
_c9681 _d9681 |
||
| 003 | AR-CdUCM | ||
| 008 | 190328b ||||| |||| 00| 0 spa d | ||
| 040 |
_aMUNICIPALIDAD PROVINCIAL DEL CUSCO _cBIBLIOTECA MUNICIPAL DEL CUSCO |
||
| 082 |
_23ed. _a357.08 / _bC48 / 1949. |
||
| 100 |
_aCerda Richart, Baldomero _926047 |
||
| 245 | _aOrganización de Contabilidades / | ||
| 260 |
_aBarcelona / _bJuan Bruguer, Editor ; _c1949. |
||
| 300 |
_a216 páginas ; _bTablas _c21cm |
||
| 440 |
_aBiblioteca Moderna de Contabilidad _n1 _926048 |
||
| 505 | _aContenido: Introducción al estudio de la organización contable -- Técnicas de la organización contable -- Organización contable de las secciones -- Marcha sistemática de la contabilidad | ||
| 650 |
_aContabilidad _910543 |
||
| 650 |
_aOrganización contable _926049 |
||
| 942 |
_2ddc _cLIBROS |
||
| 945 | _anom | ||